| 000 | 00448nam a2200193Ia 4500 | ||
|---|---|---|---|
| 003 | OSt | ||
| 005 | 20260202113240.0 | ||
| 008 | 210210b1975 xxu||||| |||| 00| 0 eng d | ||
| 040 | _cAL | ||
| 041 | _aeng | ||
| 082 | _a823.914 NAIF | ||
| 100 |
_aNaipaul V S _9253505 |
||
| 245 | _aFlag on the island | ||
| 260 |
_aNew York _bPenguin Books _c1975 |
||
| 300 | _a216p | ||
| 690 |
_aEnglish Fiction _9253506 |
||
| 906 | _aSG03152 | ||
| 942 |
_2ddc _cSG |
||
| 999 |
_c114056 _d114056 |
||